Maníaca - Abraham Mateo - Estadísticas

Estadísticas generales
  • Esta prueba ha sido intentada 25 veces
  • La puntuación promedio es 155 de 227
Estadísticas de respuestas
Letra % Correcto
a
100%
A
100%
C
92%
el
92%
en
92%
En
92%
la
92%
La
92%
lo
92%
M
92%
N
92%
baila
85%
bailando
85%
con
85%
De
85%
de
85%
es
85%
Es
85%
Í
85%
maníaca
85%
me
85%
que
85%
vi
85%
nunca
77%
una
77%
Y
77%
y
77%
al
69%
como
69%
loca
69%
mi
69%
69%
no
69%
pa
69%
ti
69%
To
69%
todo
69%
día
62%
Ella
62%
enamorada
62%
noche
62%
Por
62%
por
62%
si
62%
suelo
62%
Tambien
62%
También
62%
tengo
62%
va
62%
decir
54%
disco
54%
le
54%
pero
54%
pista
54%
reggaeton
54%
Salió
54%
tiene
54%
Tiene
54%
VIP
54%
Adicta
46%
bailó
46%
dembow
46%
descontrolada
46%
Fue
46%
inevitable
46%
mirada
46%
paso
46%
sale
46%
tuve
46%
alcohol
38%
antes
38%
asesina
38%
favorita
38%
Francisco
38%
Llegó
38%
ojos
38%
sala
38%
San
38%
siento
38%
solo
38%
uni
38%
acercarme
31%
aunque
31%
cada
31%
Cada
31%
domina
31%
dopamina
31%
dosis
31%
fama
31%
gota
31%
mata
31%
mente
31%
miran
31%
peli
31%
puedo
31%
pulsera
31%
quemó
31%
Suda
31%
veo
31%
dormir
23%
flashdance
23%
moverse
23%
ey
15%
Ey
15%
quisiera
15%
No se encontraron pruebas coincidentes
Distribución de puntuación
Porcentaje de gente con cada puntuación
Porcentaje por número respondido
Historial de tus puntuaciones
No has intentado esta prueba.